| 000 | 00557nam a2200157Ia 4500 | ||
|---|---|---|---|
| 008 | 170221s9999 xx 000 0 und d | ||
| 100 | _aRuchan Gokdag | ||
| 245 | _aMedia Presentation of Violence that Occurs Due to Dissatisfaction and Communication Difficulties between Health Personnel and Patients and/or their Relatives | ||
| 245 | _cRuchan Gokdag | ||
| 260 | _bOnline Journal of Communication and Media Technologies | ||
| 260 | _c2014 | ||
| 300 | _a34 : 11 | ||
| 650 | _xCommunication | ||
| 650 | _xMedia Arts | ||
| 856 | _uhttp://www.ojcmt.net/ | ||
| 999 |
_c310859 _d310859 |
||